[Event "CAN-op (Pinnacle 48th CAN Op Ch)"]
[Site "Toronto CAN"]
[Date "2011.07.10"]
[Round "2"]
[White "Kleinman, Michael"]
[Black "Sambuev, Bator"]
[Result "0-1"]
[WhiteElo "2343"]
[BlackElo "2739"]
[PlyCount "210"]
[EventDate "2011.07.09"]
[EventType "swiss"]
[EventRounds "9"]
[EventCountry "CAN"]

1. e4 e6 2. d4 d5 3. Nd2 c5 4. exd5 exd5 5. Bb5+ Bd7 6. Bxd7+ Nxd7 7. Ngf3 Ngf6
8. O-O Be7 9. Re1 O-O 10. Nf1 Re8 11. dxc5 Nxc5 12. Be3 Nfe4 13. Bd4 Ne6 14.
Ne3 Nxd4 15. Nxd4 Bh4 16. g3 Bf6 17. c3 Qd7 18. Qe2 Bxd4 19. cxd4 Re6 20. Qd3
Rae8 21. Rac1 h5 22. f3 Ng5 23. Ng2 Qa4 24. Rxe6 Nxe6 25. Rd1 Qxa2 26. Qb5 Re7
27. Ne3 Nc7 28. Qxb7 Rxe3 29. Qxc7 Rxf3 30. Kg2 Rf6 31. Rd2 Qa6 32. Rf2 Rxf2+
33. Kxf2 Qf6+ 34. Ke3 Qe6+ 35. Kf2 a6 36. Qc5 g6 37. b4 Qe4 38. h4 Kg7 39. Qb6
Qc2+ 40. Kf3 Qf5+ 41. Kg2 Qe6 42. Qc5 Qe2+ 43. Kg1 Qf3 44. Kh2 Qf2+ 45. Kh3
Qf1+ 46. Kh2 Qc4 47. Kg2 Qxc5 48. dxc5 Kf6 49. Kf3 Ke5 50. Ke3 f6 51. Ke2 d4
52. Kf2 Kd5 53. Kf1 Ke6 54. Kf2 Ke5 55. Kf1 Kd5 56. Kf2 g5 57. g4 hxg4 58. h5
d3 59. h6 g3+ 60. Kxg3 d2 61. h7 d1=Q 62. h8=Q Qe1+ 63. Kg2 Qe4+ 64. Kg1 Qg4+
65. Kf1 Qxb4 66. Qd8+ Kxc5 67. Qe7+ Kb5 68. Qd7+ Ka5 69. Qd8+ Ka4 70. Qd1+ Qb3
71. Qd4+ Kb5 72. Qd7+ Kb6 73. Qd6+ Ka7 74. Qd7+ Qb7 75. Qd4+ Qb6 76. Qd7+ Kb8
77. Qe8+ Kb7 78. Qe7+ Qc7 79. Qb4+ Kc8 80. Qf8+ Qd8 81. Qc5+ Kd7 82. Qf5+ Kc6
83. Qc2+ Kb7 84. Qe4+ Ka7 85. Qh7+ Kb8 86. Qb1+ Kc8 87. Qf5+ Qd7 88. Qxf6 Qb5+
89. Kf2 Qc5+ 90. Kf3 Qd5+ 91. Kg4 a5 92. Qa6+ Kd7 93. Qa7+ Kd6 94. Kh5 Qf5 95.
Qa6+ Ke7 96. Qb7+ Kf8 97. Qa6 g4+ 98. Kh4 Kg7 99. Qa7+ Kg6 100. Kg3 Qf3+ 101.
Kh2 Qf4+ 102. Kg1 Qe5 103. Kg2 Kg5 104. Qh7 Qe2+ 105. Kg1 Qe3+ 0-1

[Event "CAN-op (Pinnacle 48th CAN Op Ch)"]
[Site "Toronto CAN"]
[Date "2011.07.12"]
[Round "4"]
[White "Rozentalis, Eduardas"]
[Black "Sambuev, Bator"]
[Result "1/2-1/2"]
[WhiteElo "2614"]
[BlackElo "2739"]
[PlyCount "100"]
[EventDate "2011.07.09"]
[EventType "swiss"]
[EventRounds "9"]
[EventCountry "CAN"]

1. e4 e6 2. d4 d5 3. Nd2 c5 4. Ngf3 Nf6 5. exd5 exd5 6. Bb5+ Bd7 7. Bxd7+ Nbxd7
8. O-O Be7 9. dxc5 Nxc5 10. Nb3 Nce4 11. Nfd4 Qd7 12. f3 Nd6 13. Nc5 Qc8 14.
Nd3 O-O 15. Re1 Re8 16. Bf4 Bf8 17. Qd2 Qc4 18. Be5 Nd7 19. b3 Qa6 20. Bg3
Rxe1+ 21. Bxe1 g6 22. Nb4 Qa5 23. Rd1 Re8 24. a4 Ne5 25. c3 Nc6 26. Nbxc6 bxc6
27. Nxc6 Qb6+ 28. Nd4 Nf5 29. a5 Qxa5 30. Nxf5 gxf5 31. Bf2 Bg7 32. b4 Qa4 33.
Qxd5 Bxc3 34. b5 Bf6 35. Rf1 Kg7 36. Qd3 Rb8 37. Rb1 Rd8 38. Qe2 Bd4 39. h3
Bxf2+ 40. Qxf2 Rd1+ 41. Rxd1 Qxd1+ 42. Kh2 Qd5 43. Qb2+ Kg6 44. Qb4 f4 45. Qa4
Qe5 46. Qa6+ f6 47. Qa4 Qe3 48. Qc2+ Kg7 49. Qf5 Qe5 50. Qd7+ Kg6 1/2-1/2

[Event "CAN-op (Pinnacle 48th CAN Op Ch)"]
[Site "Toronto CAN"]
[Date "2011.07.15"]
[Round "7"]
[White "Sambuev, Bator"]
[Black "Arencibia, Walter"]
[Result "1/2-1/2"]
[WhiteElo "2739"]
[BlackElo "2537"]
[PlyCount "69"]
[EventDate "2011.07.09"]
[EventType "swiss"]
[EventRounds "9"]
[EventCountry "CAN"]

1. Nf3 c5 2. c4 Nc6 3. Nc3 e5 4. d3 d6 5. g3 g6 6. Bg2 Bg7 7. h4 h6 8. Bd2 Nf6
9. Rb1 O-O 10. Qc1 Ng4 11. h5 g5 12. Nxg5 hxg5 13. h6 Bxh6 14. f3 Kg7 15. fxg4
Bxg4 16. Ne4 f6 17. b4 cxb4 18. Bxb4 Nxb4 19. Rxb4 Rf7 20. Qb2 Rb8 21. c5 dxc5
22. Nxf6 Rxf6 23. Rxg4 Qe7 24. Bf3 Rb6 25. Qa1 Rd8 26. Kf2 Rd4 27. Kg2 Rf6 28.
Qc1 Rxg4 29. Bxg4 e4 30. Qe3 Qe5 31. Rc1 b6 32. Rc4 Qa1 33. Rc1 Qe5 34. Rc4 Qa1
35. Rc1 1/2-1/2

[Event "CAN-op (Pinnacle 48th CAN Op Ch)"]
[Site "Toronto CAN"]
[Date "2011.07.16"]
[Round "8"]
[White "Bojkov, Dejan"]
[Black "Sambuev, Bator"]
[Result "1-0"]
[WhiteElo "2544"]
[BlackElo "2739"]
[PlyCount "86"]
[EventDate "2011.07.09"]
[EventType "swiss"]
[EventRounds "9"]
[EventCountry "CAN"]

1. e4 e6 2. d4 d5 3. Nc3 Bb4 4. Nge2 dxe4 5. a3 Be7 6. Nxe4 Nc6 7. c3 Nf6 8.
Nxf6+ Bxf6 9. Ng3 b6 10. Qf3 Bb7 11. Ba6 Bxa6 12. Qxc6+ Ke7 13. Bf4 Rc8 14.
O-O-O Qd7 15. Qe4 Bc4 16. Qe3 Bb3 17. Rde1 Qd5 18. Be5 c5 19. Qf4 h6 20. Bxf6+
gxf6 21. Ne4 f5 22. Ng3 Kf8 23. dxc5 bxc5 24. Kb1 Rd8 25. Ka1 Qd6 26. Qh4 Qe7
27. Qxe7+ Kxe7 28. Nxf5+ Kf8 29. Ng3 f5 30. Re5 Rd5 31. Rxe6 Kf7 32. Ree1 Rhd8
33. f3 Kf6 34. Ne2 Rd2 35. Nf4 R8d6 36. g3 a5 37. h4 a4 38. g4 fxg4 39. fxg4
Bc4 40. Nh5+ Kg6 41. Rhg1 Rb6 42. Re7 Bf7 43. Rf1 c4 1-0

[Event "Canada Day op"]
[Site "Ottawa CAN"]
[Date "2011.06.30"]
[Round "1"]
[White "Smilevici, Emil"]
[Black "Sambuev, Bator"]
[Result "0-1"]
[WhiteElo "2079"]
[BlackElo "2750"]
[PlyCount "96"]
[EventDate "2011.06.30"]
[EventType "swiss"]
[EventRounds "6"]
[EventCountry "CAN"]

1. e4 e6 2. d4 d5 3. Nc3 Bb4 4. e5 c5 5. a3 Ba5 6. Nf3 Ne7 7. Bb5+ Bd7 8. O-O
cxd4 9. Nxd4 Nbc6 10. Bxc6 bxc6 11. b4 Bc7 12. f4 a5 13. Bd2 O-O 14. Qg4 Bb6
15. Nce2 Nf5 16. c3 f6 17. Kh1 Qc7 18. Nxf5 exf5 19. Qg3 Rae8 20. Nd4 fxe5 21.
fxe5 Qxe5 22. Bf4 Qf6 23. Rae1 axb4 24. axb4 Re4 25. Be5 Qg6 26. Qxg6 hxg6 27.
Rxe4 fxe4 28. Rxf8+ Kxf8 29. Kg1 Bc8 30. Kf2 Kf7 31. h4 c5 32. bxc5 Bxc5 33.
Ke3 Be7 34. g3 g5 35. hxg5 Bxg5+ 36. Bf4 Bf6 37. Bd6 Kg6 38. Ne2 Kf5 39. Nd4+
Kg4 40. Bc7 Bd7 41. Bd6 Bd8 42. Bb8 Ba5 43. Kd2 Kh3 44. Be5 g6 45. Nc2 Bb5 46.
Ke3 Kg2 47. Kf4 Kf2 48. Ne3 g5+ 0-1

[Event "Canada Day op"]
[Site "Ottawa CAN"]
[Date "2011.07.02"]
[Round "3"]
[White "Qin, Zi Yi (Joey)"]
[Black "Sambuev, Bator"]
[Result "0-1"]
[WhiteElo "2316"]
[BlackElo "2750"]
[PlyCount "112"]
[EventDate "2011.06.30"]
[EventType "swiss"]
[EventRounds "6"]
[EventCountry "CAN"]

1. e4 e6 2. d4 d5 3. Nd2 c5 4. exd5 exd5 5. Ngf3 Nf6 6. Bb5+ Bd7 7. Bxd7+ Nbxd7
8. O-O Be7 9. dxc5 Nxc5 10. Nb3 Nce4 11. Nfd4 Qd7 12. f3 Nd6 13. Nc5 Qc8 14.
Nd3 O-O 15. b3 Bd8 16. Bb2 Bb6 17. Kh1 Re8 18. Qd2 Nf5 19. Nxf5 Qxf5 20. Rae1
d4 21. Qf2 Qd5 22. Rxe8+ Rxe8 23. Re1 Rxe1+ 24. Qxe1 h6 25. a4 Qc6 26. Qf2 a5
27. Kg1 Qd6 28. Kf1 Nh7 29. Qg3 Qd8 30. Qf4 Ng5 31. Ne5 f6 32. Nc4 d3 33. Qd2
dxc2 34. Qxd8+ Bxd8 35. Ne3 Bc7 36. h3 Ne6 37. Nxc2 Nc5 38. Na1 Nd3 39. Bc3 Kf7
40. Bd2 Ke6 41. Ke2 Nc5 42. Be3 Nd7 43. Nc2 Kd5 44. Bd4 Be5 45. Kd3 Bxd4 46.
Nxd4 h5 47. Nf5 Nc5+ 48. Kc3 Ne6 49. Ne3+ Kc5 50. g4 h4 51. Nf5 g5 52. Ne7 Nf4
53. Ng8 Nxh3 54. Nxf6 Nf2 55. Nh5 h3 56. f4 h2 0-1

[Event "Canada Day op"]
[Site "Ottawa CAN"]
[Date "2011.07.03"]
[Round "5"]
[White "Humphreys, Michael"]
[Black "Sambuev, Bator"]
[Result "1-0"]
[WhiteElo "2284"]
[BlackElo "2750"]
[PlyCount "95"]
[EventDate "2011.06.30"]
[EventType "swiss"]
[EventRounds "6"]
[EventCountry "CAN"]

1. Nf3 Nf6 2. c4 g6 3. d4 Bg7 4. Nc3 O-O 5. e4 d6 6. h3 Na6 7. Be3 e5 8. dxe5
dxe5 9. c5 Qxd1+ 10. Rxd1 Nb4 11. Rd2 Be6 12. a3 Na2 13. Nd5 Nxe4 14. Nxc7 Nxd2
15. Nxd2 Nc1 16. Nxe6 fxe6 17. Kd1 b6 18. Kxc1 bxc5 19. Ne4 c4 20. Bxc4 Rfc8
21. b3 Rc6 22. Rd1 a5 23. Rd6 Rxd6 24. Nxd6 Bf8 25. Bc5 Be7 26. Kc2 Kf8 27. b4
axb4 28. axb4 Rd8 29. Nb7 Rb8 30. Na5 Bxc5 31. bxc5 Rc8 32. c6 Ke7 33. Ba6 Rc7
34. Bb7 Kd8 35. Nb3 Rf7 36. f3 Kc7 37. Nc5 Kb6 38. Nxe6 e4 39. c7 Kxb7 40. Nd8+
Kxc7 41. Nxf7 exf3 42. gxf3 Kd7 43. Kd3 Ke7 44. Nh6 Kf6 45. h4 g5 46. h5 g4 47.
Nxg4+ Kg5 48. h6 1-0

[Event "Canada Day op"]
[Site "Ottawa CAN"]
[Date "2011.07.03"]
[Round "6"]
[White "Sambuev, Bator"]
[Black "Marinkovic, Mate"]
[Result "1-0"]
[WhiteElo "2750"]
[BlackElo "2190"]
[PlyCount "67"]
[EventDate "2011.06.30"]
[EventType "swiss"]
[EventRounds "6"]
[EventCountry "CAN"]

1. d4 d5 2. Nf3 Nf6 3. Bg5 e6 4. c4 c6 5. Nc3 Nbd7 6. e3 Be7 7. Qc2 O-O 8.
O-O-O a6 9. Kb1 dxc4 10. Bxc4 b5 11. Bd3 h6 12. h4 Bb7 13. Ne4 Nd5 14. Nd6 Qc7
15. Nxb7 Qxb7 16. Be4 Bd6 17. Bf4 Be7 18. Bxd5 cxd5 19. g4 Rfc8 20. Qd3 Qb6 21.
h5 f6 22. Bxh6 gxh6 23. Qg6+ Kf8 24. Qxh6+ Ke8 25. Qg6+ Kd8 26. h6 Kc7 27. Rc1+
Kd6 28. h7 Rxc1+ 29. Rxc1 Rh8 30. e4 Nf8 31. e5+ fxe5 32. Qe8 exd4 33. Nxd4 Qb7
34. f4 1-0

[Event "St-Jean op"]
[Site "Quebec CAN"]
[Date "2011.06.25"]
[Round "2"]
[White "Masse, Hugues"]
[Black "Sambuev, Bator"]
[Result "0-1"]
[WhiteElo "2549"]
[BlackElo "2162"]
[PlyCount "50"]
[EventDate "2011.06.24"]
[EventType "swiss"]
[EventRounds "5"]
[EventCountry "CAN"]

1. d4 Nf6 2. c4 g6 3. Nc3 Bg7 4. e4 O-O 5. Bd3 d6 6. Nge2 Nfd7 7. Bc2 Nc6 8.
O-O e5 9. d5 Nd4 10. Nxd4 exd4 11. Nb5 Ne5 12. Nxd4 c5 13. dxc6 bxc6 14. Rb1
Qb6 15. b3 d5 16. exd5 cxd5 17. Ba3 Re8 18. Re1 Bg4 19. Qd2 dxc4 20. Ne2 Rad8
21. Qb4 Bxe2 22. Qxb6 axb6 23. Rxe2 Nf3+ 24. Kf1 Nxh2+ 25. Ke1 Bc3# 0-1

[Event "St-Jean op"]
[Site "Quebec CAN"]
[Date "2011.06.25"]
[Round "3"]
[White "Sambuev, Bator"]
[Black "Larochelle, Martial"]
[Result "1-0"]
[WhiteElo "2549"]
[BlackElo "2278"]
[PlyCount "68"]
[EventDate "2011.06.24"]
[EventType "swiss"]
[EventRounds "5"]
[EventCountry "CAN"]

1. e4 e5 2. Nf3 Nc6 3. Bb5 a6 4. Ba4 Nf6 5. O-O Be7 6. Re1 b5 7. Bb3 d6 8. c3
O-O 9. h3 Na5 10. Bc2 c5 11. d4 Qc7 12. d5 Bd7 13. Nbd2 c4 14. Nf1 Nb7 15. g4
Nc5 16. Ng3 g6 17. Bh6 Rfb8 18. Qd2 a5 19. Rad1 b4 20. Nxe5 dxe5 21. d6 Bxd6
22. Qxd6 Qxd6 23. Rxd6 Be6 24. Red1 Nfd7 25. Bc1 bxc3 26. bxc3 Nb6 27. Ba3 Nd3
28. Ne2 Nd7 29. f4 exf4 30. Bxd3 cxd3 31. Nxf4 Nf8 32. Nd5 Rb7 33. Rxd3 Rb1+
34. Kg2 Rc8 1-0

[Event "St-Jean op"]
[Site "Quebec CAN"]
[Date "2011.06.26"]
[Round "5"]
[White "Berube, Antoine"]
[Black "Sambuev, Bator"]
[Result "0-1"]
[WhiteElo "2169"]
[BlackElo "2549"]
[PlyCount "106"]
[EventDate "2011.06.24"]
[EventType "swiss"]
[EventRounds "5"]
[EventCountry "CAN"]

1. d4 Nf6 2. c4 g6 3. Nc3 Bg7 4. e4 O-O 5. Be3 d6 6. f3 e5 7. d5 c6 8. Bd3 b5
9. a3 bxc4 10. Bxc4 c5 11. Nge2 Nbd7 12. b4 Nb6 13. Bb5 cxb4 14. axb4 Bd7 15.
Qd3 Bxb5 16. Nxb5 Nfxd5 17. Bxb6 Nxb6 18. O-O d5 19. Nxa7 Qd7 20. Qb5 Rxa7 21.
Qxb6 Rb7 22. Qc5 d4 23. Nc1 Rc8 24. Qa5 Rc3 25. Rd1 Rb5 26. Qa8+ Bf8 27. Nd3
Kg7 28. Ra5 Bd6 29. Qa6 Rxa5 30. Qxa5 Qe6 31. Qa6 Qb3 32. Rd2 Bxb4 33. Qb5 Bd6
34. Qxb3 Rxb3 35. Kf2 Bb4 36. Rd1 Kf6 37. Ke2 Bc3 38. f4 exf4 39. Nxf4 Rb2+ 40.
Kf3 h5 41. Nd3 Rb5 42. g3 Ke6 43. h3 f5 44. exf5+ Rxf5+ 45. Ke4 Rg5 46. Kf4 Ra5
47. g4 Kd5 48. Kg5 hxg4 49. hxg4 Ra6 50. Nf4+ Ke4 51. Nxg6 d3 52. Nh4 d2 53.
Nf5 Ra1 0-1

[Event "Sherbrooke op"]
[Site "Sherbrooke CAN"]
[Date "2011.05.28"]
[Round "3"]
[White "Sambuev, Bator"]
[Black "Larochelle, Martial"]
[Result "0-1"]
[WhiteElo "2561"]
[BlackElo "2166"]
[PlyCount "198"]
[EventDate "2011.05.27"]
[EventType "swiss"]
[EventRounds "5"]
[EventCountry "CAN"]

1. d4 Nf6 2. Nf3 g6 3. c4 Bg7 4. Nc3 d5 5. Bg5 Ne4 6. Bh4 Nxc3 7. bxc3 dxc4 8.
e3 Be6 9. Qb1 b6 10. Ng5 Bd5 11. e4 h6 12. exd5 hxg5 13. Qb5+ Qd7 14. Qxd7+
Nxd7 15. Bxg5 Nf6 16. Bxc4 Ne4 17. Bb5+ Kf8 18. Bc6 Rd8 19. Bd2 Rh5 20. g4 Rh3
21. d6 Rxd6 22. Bxe4 Re6 23. O-O Rxe4 24. f3 Re2 25. Bf4 c5 26. dxc5 bxc5 27.
Rf2 Rxf2 28. Kxf2 Bxc3 29. Rb1 e5 30. Bg3 Kg7 31. g5 Rh8 32. Rb7 Bd4+ 33. Ke2
c4 34. Kd2 Rd8 35. Kc2 Rd5 36. Rb4 Rc5 37. Be1 Rc6 38. Bc3 Kf8 39. Rb8+ Ke7 40.
Bb4+ Ke6 41. Re8+ Kf5 42. Rf8 Rc7 43. Bd2 e4 44. Rd8 Be5 45. fxe4+ Kxe4 46. Re8
Kf5 47. h4 c3 48. Be1 f6 49. gxf6 Bxf6 50. Rf8 Rc6 51. Bf2 Kg4 52. Bxa7 Ra6 53.
Be3 Rxa2+ 54. Kd3 Ra6 55. Rg8 Kf5 56. Rf8 Rd6+ 57. Kc2 Kg4 58. Rg8 Kh5 59. Bf4
Rb6 60. Kd3 Rc6 61. Kc2 Bxh4 62. Be5 g5 63. Bd4 Be1 64. Be3 Rg6 65. Rh8+ Kg4
66. Rh1 Bd2 67. Rg1+ Kf5 68. Bxd2 cxd2 69. Kxd2 Re6 70. Rf1+ Kg4 71. Rg1+ Kh4
72. Rh1+ Kg4 73. Rg1+ Kh5 74. Rh1+ Kg6 75. Rg1 Re5 76. Kd3 Kf5 77. Rf1+ Kg4 78.
Kd4 Rf5 79. Rg1+ Kf3 80. Rf1+ Kg4 81. Rg1+ Kh3 82. Ke4 Ra5 83. Rh1+ Kg2 84. Rb1
Ra4+ 85. Ke3 Ra3+ 86. Ke2 g4 87. Rb8 g3 88. Rh8 Ra7 89. Re8 Rf7 90. Re6 Kh2 91.
Rh6+ Kg1 92. Rg6 g2 93. Rh6 Re7+ 94. Kd2 Re5 95. Rh7 Kf2 96. Rf7+ Kg3 97. Rg7+
Kf3 98. Kd3 Re3+ 99. Kd2 Re4 0-1

[Event "Sherbrooke op"]
[Site "Sherbrooke CAN"]
[Date "2011.05.29"]
[Round "5"]
[White "Sambuev, Bator"]
[Black "Masse, Hugues"]
[Result "1-0"]
[WhiteElo "2561"]
[BlackElo "2141"]
[PlyCount "89"]
[EventDate "2011.05.27"]
[EventType "swiss"]
[EventRounds "5"]
[EventCountry "CAN"]

1. d4 Nf6 2. c4 g6 3. f3 Bg7 4. e4 d6 5. Nc3 O-O 6. Bg5 c5 7. d5 e6 8. Qd2 exd5
9. cxd5 h6 10. Be3 a6 11. a4 Nbd7 12. Nh3 Kh7 13. Nf2 Ne8 14. f4 f5 15. exf5
gxf5 16. Bd3 Kh8 17. O-O Ndf6 18. Rab1 Nc7 19. Bc2 b5 20. axb5 Nxb5 21. Nxb5
axb5 22. b4 c4 23. Nd1 Bd7 24. Nc3 Ng4 25. Bd4 Bxd4+ 26. Qxd4+ Qf6 27. Qd2 Ra3
28. Rf3 Qf7 29. Re1 Re8 30. Rxe8+ Bxe8 31. h3 Qa7+ 32. Kh1 Nf6 33. Kh2 Ra1 34.
Re3 Bd7 35. Ne2 Nxd5 36. Rg3 Be6 37. Bxf5 Ra2 38. Bc2 Ra3 39. f5 Ne3 40. Qc1
Bd5 41. Qb2+ c3 42. Qc1 Bxg2 43. Rxe3 Ra1 44. f6 Kg8 45. Rg3+ 1-0

[Event "Ontario op"]
[Site "Hamilton CAN"]
[Date "2011.05.21"]
[Round "2"]
[White "Sambuev, Bator"]
[Black "Sapozhnikov, Roman"]
[Result "1-0"]
[WhiteElo "2753"]
[BlackElo "2420"]
[PlyCount "71"]
[EventDate "2011.05.21"]
[EventType "swiss"]
[EventRounds "6"]
[EventCountry "CAN"]

1. d4 Nf6 2. c4 e6 3. Nc3 Bb4 4. e3 O-O 5. Bd3 d5 6. Nf3 c5 7. O-O dxc4 8. Bxc4
b6 9. Qe2 Bb7 10. Rd1 Qe7 11. dxc5 Bxc3 12. bxc3 Qxc5 13. Nd4 Nc6 14. a4 Na5
15. Bd3 Rfd8 16. Ba3 Qc7 17. Nb5 Qc6 18. f3 Rd7 19. Nd6 Nd5 20. c4 Nc3 21.
Bxh7+ Kxh7 22. Qc2+ Kg8 23. Qxc3 Rad8 24. c5 f6 25. Bb4 Qc7 26. Bxa5 bxa5 27.
Rac1 Kf8 28. e4 Bc6 29. e5 f5 30. Rd4 Rb8 31. Qd2 Qd8 32. Rd1 Rb3 33. Qa2 Qb8
34. Nb5 Rxd4 35. Nxd4 Bd5 36. Nxb3 1-0

[Event "Ahuntsic-A"]
[Site "Montreal CAN"]
[Date "2011.04.03"]
[Round "1"]
[White "Cote-Lalumiere, Tristan"]
[Black "Sambuev, Bator"]
[Result "0-1"]
[WhiteElo "1340"]
[BlackElo "2340"]
[PlyCount "64"]
[EventDate "2011.04.03"]
[EventType "swiss (rapid)"]
[EventRounds "5"]
[EventCountry "CAN"]

1. e4 e6 2. d4 d5 3. exd5 exd5 4. Bd3 c5 5. c3 cxd4 6. cxd4 Nf6 7. Nc3 Bb4 8.
Nf3 O-O 9. O-O Bg4 10. h3 Bh5 11. g4 Bg6 12. Ne5 Nc6 13. f4 Bxd3 14. Qxd3 Bxc3
15. bxc3 Ne4 16. Ba3 Re8 17. Rab1 f6 18. Nxc6 bxc6 19. Rb7 Qa5 20. c4 Qa6 21.
Rc7 dxc4 22. Qe3 c3 23. Be7 c2 24. Qb3+ Kh8 25. Qxc2 Qa5 26. Rd7 f5 27. Qxc6
Qd2 28. Qc1 Qxa2 29. Qc6 Qb3 30. Rf2 Qe3 31. Qc2 Nxf2 32. Qxf2 Rxe7 0-1

[Event "Ahuntsic-A"]
[Site "Montreal CAN"]
[Date "2011.04.03"]
[Round "2"]
[White "Sambuev, Bator"]
[Black "Forget, Luc"]
[Result "1-0"]
[WhiteElo "2340"]
[BlackElo "1749"]
[PlyCount "43"]
[EventDate "2011.04.03"]
[EventType "swiss (rapid)"]
[EventRounds "5"]
[EventCountry "CAN"]

1. d4 Nf6 2. Nf3 b6 3. e3 Bb7 4. Bd3 e6 5. O-O Be7 6. Nbd2 d5 7. b3 O-O 8. Bb2
c5 9. Ne5 Ne4 10. Nxe4 dxe4 11. Bc4 Nd7 12. Nxf7 Rxf7 13. Bxe6 Nf6 14. c4 Bd6
15. f3 Bxh2+ 16. Kh1 Bg3 17. d5 Kh8 18. fxe4 Bc8 19. Qf3 Nxe4 20. Qxe4 Rxf1+
21. Rxf1 Bxe6 22. Qxe6 1-0

[Event "Ahuntsic-A"]
[Site "Montreal CAN"]
[Date "2011.04.03"]
[Round "3"]
[White "Robichaud, Louis"]
[Black "Sambuev, Bator"]
[Result "0-1"]
[WhiteElo "1644"]
[BlackElo "2340"]
[PlyCount "44"]
[EventDate "2011.04.03"]
[EventType "swiss (rapid)"]
[EventRounds "5"]
[EventCountry "CAN"]

1. e4 e6 2. d3 c5 3. g3 Nc6 4. Bg2 g6 5. Nc3 Bg7 6. f4 d6 7. Nf3 Nge7 8. O-O
O-O 9. Be3 b6 10. d4 Bb7 11. Qd3 d5 12. exd5 Nb4 13. Qd2 Nbxd5 14. Nxd5 Nxd5
15. dxc5 Nxe3 16. Qxe3 bxc5 17. c3 Rb8 18. Rad1 Qa5 19. Rf2 Qxa2 20. Qxc5 Rfc8
21. Qe7 Bf8 22. Qf6 Bxf3 0-1

[Event "Ahuntsic-A"]
[Site "Montreal CAN"]
[Date "2011.04.03"]
[Round "4"]
[White "Sambuev, Bator"]
[Black "Gulko, Andrei"]
[Result "1-0"]
[WhiteElo "2340"]
[BlackElo "2030"]
[PlyCount "51"]
[EventDate "2011.04.03"]
[EventType "swiss (rapid)"]
[EventRounds "5"]
[EventCountry "CAN"]

1. Nf3 Nf6 2. d4 e6 3. e3 c5 4. Bd3 Nc6 5. O-O d5 6. b3 Bd6 7. Bb2 O-O 8. a3 b6
9. Nbd2 Bb7 10. Ne5 a6 11. f4 b5 12. dxc5 Bxc5 13. Qf3 Nxe5 14. fxe5 Ne4 15.
Nxe4 dxe4 16. Bxe4 Bxe4 17. Qxe4 Rc8 18. Rad1 Qb6 19. Bd4 Qc6 20. Qh4 Bxd4 21.
Rxd4 Qxc2 22. Rg4 Kh8 23. h3 Qd2 24. Qg5 g6 25. Qh6 f5 26. Rd4 1-0

[Event "Hamilton Winter op"]
[Site "Hamilton CAN"]
[Date "2011.03.26"]
[Round "2"]
[White "Sambuev, Bator"]
[Black "Gelis, Paul"]
[Result "1-0"]
[WhiteElo "2718"]
[BlackElo "2222"]
[PlyCount "81"]
[EventDate "2011.03.26"]
[EventType "swiss"]
[EventRounds "6"]
[EventCountry "CAN"]

1. Nf3 d5 2. c4 c6 3. e3 Nf6 4. Qc2 e6 5. b3 Nbd7 6. Bb2 Bd6 7. g4 h6 8. Be2
Qe7 9. Rg1 e5 10. h4 dxc4 11. bxc4 e4 12. Nd4 Nc5 13. g5 hxg5 14. hxg5 Ng8 15.
Nb3 f6 16. Nxc5 Bxc5 17. Nc3 Bf5 18. f3 fxg5 19. Nxe4 Nh6 20. Qc3 Bxe4 21. fxe4
O-O-O 22. Qe5 g4 23. Qxe7 Bxe7 24. O-O-O Rhg8 25. Be5 Bf6 26. Bf4 Rde8 27. d3
b6 28. Rdf1 Rh8 29. Rh1 Bd8 30. e5 Bc7 31. d4 Kb7 32. Kc2 c5 33. Kd3 Rhg8 34.
Rh5 Rd8 35. d5 Rge8 36. Bg3 b5 37. d6 bxc4+ 38. Kxc4 Bxd6 39. exd6 Rxe3 40.
Rb1+ Ka6 41. Rxc5 1-0

[Event "Hamilton Winter op"]
[Site "Hamilton CAN"]
[Date "2011.03.27"]
[Round "4"]
[White "Sambuev, Bator"]
[Black "So, Wesley"]
[Result "1-0"]
[WhiteElo "2718"]
[BlackElo "2667"]
[PlyCount "83"]
[EventDate "2011.03.26"]
[EventType "swiss"]
[EventRounds "6"]
[EventCountry "CAN"]

1. Nf3 d5 2. d4 Nf6 3. Bg5 Ne4 4. Bh4 c5 5. dxc5 Nc6 6. Nbd2 Nxc5 7. Nb3 Nxb3
8. axb3 Bg4 9. e3 Qb6 10. Qxd5 Bxf3 11. gxf3 e6 12. Qb5 Qc7 13. Bg3 e5 14. f4
a6 15. Qc4 Bd6 16. fxe5 Bxe5 17. Bxe5 Qxe5 18. Qc3 O-O-O 19. Bg2 Rd6 20. Qxe5
Nxe5 21. Rd1 Rhd8 22. Ke2 Kc7 23. Rxd6 Rxd6 24. f4 Nd7 25. Rd1 Rxd1 26. Kxd1 a5
27. Kd2 b5 28. Kc3 Kd6 29. Kd4 f6 30. Bh3 Nb8 31. Bg2 g5 32. fxg5 fxg5 33. Ke4
Nd7 34. Kf5 h6 35. Bf1 b4 36. Kg6 Ke7 37. Kxh6 Kf6 38. Kh5 Ne5 39. Bd3 Nd7 40.
c4 Ne5 41. Bc2 Nd7 42. e4 1-0

[Event "Mauricie op"]
[Site "Trois-Rivieres CAN"]
[Date "2011.03.19"]
[Round "2"]
[White "Larochelle, Martial"]
[Black "Sambuev, Bator"]
[Result "0-1"]
[WhiteElo "2140"]
[BlackElo "2562"]
[PlyCount "50"]
[EventDate "2011.03.18"]
[EventType "swiss"]
[EventRounds "5"]
[EventCountry "CAN"]

1. c4 Nf6 2. g3 g6 3. Bg2 Bg7 4. Nc3 O-O 5. e4 c5 6. Nge2 Nc6 7. d3 d6 8. O-O
Rb8 9. h3 Ne8 10. Be3 Nc7 11. d4 cxd4 12. Nxd4 Bd7 13. b3 Ne6 14. Nde2 a6 15.
Rc1 Qa5 16. a4 Nc5 17. Nd5 e6 18. Ndc3 Rfd8 19. Qxd6 Nxb3 20. Rb1 Be8 21. Qa3
Nbd4 22. Rfd1 Nc2 23. Qc1 Rxd1+ 24. Nxd1 Nxe3 25. Nxe3 Qxa4 0-1

[Event "RA Spring op"]
[Site "Ottawa CAN"]
[Date "2011.03.04"]
[Round "1"]
[White "Pacey, Kevin"]
[Black "Sambuev, Bator"]
[Result "0-1"]
[WhiteElo "2309"]
[BlackElo "2718"]
[PlyCount "74"]
[EventDate "2011.03.04"]
[EventType "swiss"]
[EventRounds "5"]
[EventCountry "CAN"]

1. c4 Nf6 2. Nf3 g6 3. g3 Bg7 4. Bg2 O-O 5. O-O Nc6 6. Nc3 e5 7. d3 d6 8. Rb1
a5 9. a3 h6 10. b4 axb4 11. axb4 Be6 12. b5 Ne7 13. Bb2 Qd7 14. Ra1 Bh3 15. Qb3
Bxg2 16. Kxg2 Rab8 17. c5 Nh5 18. cxd6 cxd6 19. Nd5 Nxd5 20. Qxd5 Qg4 21. Kh1
Rfd8 22. Rfc1 Nf6 23. Qc4 Qh3 24. Qh4 Qe6 25. Qc4 Qh3 26. Qh4 Qf5 27. Kg2 Rbc8
28. Ra7 e4 29. dxe4 Nxe4 30. Rxc8 Rxc8 31. Bxg7 Kxg7 32. Qe7 Qc5 33. Qxb7 Qxf2+
34. Kh3 Qf1+ 35. Kg4 Nf6+ 36. Kf4 Qc1+ 37. e3 Rc4+ 0-1

[Event "RA Spring op"]
[Site "Ottawa CAN"]
[Date "2011.03.05"]
[Round "3"]
[White "Sapozhnikov, Roman"]
[Black "Sambuev, Bator"]
[Result "1/2-1/2"]
[WhiteElo "2433"]
[BlackElo "2718"]
[PlyCount "130"]
[EventDate "2011.03.04"]
[EventType "swiss"]
[EventRounds "5"]
[EventCountry "CAN"]

1. e4 e5 2. Nf3 Nc6 3. Bb5 a6 4. Ba4 Nf6 5. O-O Be7 6. Re1 b5 7. Bb3 O-O 8. c3
d5 9. exd5 Nxd5 10. Nxe5 Nxe5 11. Rxe5 c6 12. d3 Bd6 13. Re1 Qh4 14. g3 Qh3 15.
Re4 Nf6 16. Rh4 Qf5 17. Nd2 Ng4 18. Qf3 Be7 19. Qxf5 Bxf5 20. h3 Ne5 21. Rf4
Bxd3 22. Nf3 Ng6 23. Rd4 Bf5 24. g4 Be6 25. Bxe6 fxe6 26. Kg2 Rf7 27. Ng5 e5
28. Rd3 Rf4 29. Ne6 Rf6 30. Ng5 Raf8 31. Ne4 Rf4 32. Re3 Nh4+ 33. Kg3 Rxe4 34.
Rxe4 Rf3+ 35. Kh2 Rxf2+ 36. Kg1 Bc5 37. Be3 Re2 38. Bxc5 Rxe4 39. Kf2 Rf4+ 40.
Kg3 Ng6 41. Re1 e4 42. Re3 Kf7 43. Bd4 Ke6 44. h4 Rf3+ 45. Rxf3 exf3 46. Bxg7
Nxh4 47. Bd4 Ng6 48. Kxf3 Ne5+ 49. Kf4 Nd3+ 50. Kg5 Kf7 51. b4 Nc1 52. a3 Nd3
53. Kh6 Kg8 54. Kg5 Kf7 55. Kh6 Kg8 56. Kg5 Nb2 57. Kf6 Nc4 58. Ke7 Nxa3 59.
Kd7 Kf7 60. Kxc6 Kg6 61. Be3 Nb1 62. Kb6 Nxc3 63. Kxa6 Nd5 64. Bd2 Nxb4+ 65.
Bxb4 h5 1/2-1/2